00779nam a2200169Ia 450000500170000000800410001702000180005808200250007610000560010124500620015726000420021930000130026165000560027494200070033099900190033795202530035620250507134906.0231217s9999 xx 000 0 und d a9780470262474 a332.632042 FAB;1 R aFabozzi, Frank J. Focardi, Sergio M. Kolm, Peter N. 0aQuantitative equity investing : techniques and strategies c2010bJohn Wiley and sonsaNew Jersey axvi, 511 aQuantitative,equity,investing,techniques,strategies cAA c185651d185651 r2024-01-26 00:00:00l0o332.632042 FAB;1 Rp59556W20udigital/contents/59556.pdfv3562.52w2024-01-26yAA1040708CL00K1011/0225L14/08/2014aMLbMLcCLd2010-06-07eSurya Infotainment Products Pvt. Ltd.g94.95EMBAGUSDF46.9V18.99URupees